Une lettre suffit pour répondre juste #46 (attention 10 lettres tuent) - Statistiques

Statistiques générales
  • Ce quiz a été pris 78 fois
  • Le résultat moyen est 3 sur 6
Statistiques - réponses
Hint Réponse % Correct
Donne une des 5 lettres qui complète ce que devient Alexandre le Grand en anglais : Alexander the ????? GREAT
100%
Donne une des 4 lettres qui complète le nom de scène de Hervé Forneri : ???? Rivers
DICK
66%
Donne une des 2 lettres des initiales de l'artiste qui fait un moonwalk ici
MJ
55%
Donne une des 3 lettres du sigle du terme anglais qui peut désigner « caméra subjective » et la manière dont c'est filmé dans cet extrait
POV (Point Of View)
55%
Donne la lettre qui devient le symbole du nihilisme quand elle est à l'envers dans un cercle N
25%
Donne la lettre qui est :
- l'énergie libre en thermodynamique - couramment le coefficient d'aplatissement en géodésie (en ref à la 1ere lettre d'aplatissement en anglais)
F (Flattening)
5%
Aucun quiz correspondant
Distribution des résultats
% des personnes avec chaque résultat
Percentile par nombre de réponses
Votre historique - résultats
Vous n’avez pas pris ce quiz